Open budgets the political economy of transparency, participation, and accountability /

Bibliographic Details
Corporate Author: ProQuest (Firm)
Other Authors: Khagram, Sanjeev., Fung, Archon, 1968-, De Renzio, Paolo.
Format: Electronic eBook
Language:English
Published: Washington, D.C. : Brookings Institution Press, 2013.
Subjects:
Online Access:Click to View
LEADER 01587nam a2200421Ia 4500
001 EBC1163809
003 MiAaPQ
005 20200520144314.0
006 m o d |
007 cr cn|||||||||
008 130215s2013 dcuab sb 001 0 eng d
010 |z  2013004914 
020 |z 0815723377 (pbk. : alk. paper) 
020 |z 9780815723370 (pbk. : alk. paper) 
020 |z 9780815723387 
035 |a (MiAaPQ)EBC1163809 
035 |a (Au-PeEL)EBL1163809 
035 |a (CaPaEBR)ebr10682528 
035 |a (CaONFJC)MIL476100 
035 |a (OCoLC)836402540 
040 |a MiAaPQ  |c MiAaPQ  |d MiAaPQ 
050 4 |a HJ141  |b .O64 2013 
082 0 4 |a 352.4  |2 23 
245 0 0 |a Open budgets  |h [electronic resource] :  |b the political economy of transparency, participation, and accountability /  |c Sanjeev Khagram, Archon Fung, and Paolo de Renzio, editors. 
260 |a Washington, D.C. :  |b Brookings Institution Press,  |c 2013. 
300 |a vi, 264 p. :  |b ill., maps. 
504 |a Includes bibliographical references and index. 
533 |a Electronic reproduction. Ann Arbor, MI : ProQuest, 2015. Available via World Wide Web. Access may be limited to ProQuest affiliated libraries. 
650 0 |a Finance, Public. 
650 0 |a Budget. 
650 0 |a Transparency in government. 
650 0 |a Government accountability. 
655 4 |a Electronic books. 
700 1 |a Khagram, Sanjeev. 
700 1 |a Fung, Archon,  |d 1968- 
700 1 |a De Renzio, Paolo. 
710 2 |a ProQuest (Firm) 
856 4 0 |u https://ebookcentral.proquest.com/lib/matrademy/detail.action?docID=1163809  |z Click to View